LIBRARY & INFORMATION CENTRE, KCAET, TAVANUR

ONLINE PUBLIC ACCESS CATALOGUE (OPAC)

Azhakullakathakal / (Record no. 12356)

MARC details
000 -LEADER
fixed length control field 00350cam a2200133ua 4500
041 ## - LANGUAGE CODE
Language code of text/sound track or separate title mal
082 ## - DEWEY DECIMAL CLASSIFICATION NUMBER
Classification number 894.812301
Item number RAG/AZ
100 ## - MAIN ENTRY--AUTHOR NAME
Personal name Raghavan , Ambadath .
245 ## - TITLE STATEMENT
Title Azhakullakathakal /
260 ## - PUBLICATION, DISTRIBUTION, ETC. (IMPRINT)
Place of publication Thrissur :
Name of publisher Amina book stall ,
Year of publication 1959.
300 ## - PHYSICAL DESCRIPTION
Number of Pages 100 ; .

No items available.

free website counter